[Event "10th Zudov Mem 2014"]
[Site "Nizhny Tagil RUS"]
[Date "2014.09.16"]
[Round "6.8"]
[White "Kryakvin, Dmitry"]
[Black "Ivanov, Andrew"]
[Result "1-0"]
[WhiteTitle "GM"]
[BlackTitle "IM"]
[WhiteElo "2562"]
[BlackElo "2407"]
[WhiteFideId "4153278"]
[BlackFideId "4188080"]
[EventDate "2014.09.11"]

1. d4 Nf6 2. c4 e6 3. Nf3 d5 4. Nc3 c5 5. cxd5 Nxd5 6. e4 Nxc3 7. bxc3 cxd4 8.
cxd4 Bb4+ 9. Bd2 Be7 10. Bc4 O-O 11. O-O Nd7 12. a4 Nf6 13. Qe2 Bd7 14. Bd3 Rc8
15. Rfd1 Qc7 16. Bg5 Bc6 17. Ne5 Be8 18. Bf4 Qd8 19. Qb2 a5 20. Qxb7 Bb4 21. d5
Bc3 22. Rac1 exd5 23. exd5 Rb8 24. Nxf7 Bxf7 25. Qxb8 Qd7 26. Qc7 Qxa4 27. Bc2
Qa3 28. Bd6 Bb4 29. Bxf8 Bxf8 30. d6 Be6 31. h3 Nd5 32. Qd8 Nf4 33. d7 Ne2+ 34.
Kh1 Nxc1 35. Bxh7+ Kxh7 36. Qh4+ Kg8 37. d8=Q Nb3 38. Qd3 Qb4 39. Qh5 Be7 40.
Qe8+ 1-0

[Event "10th Zudov Mem 2014"]
[Site "Nizhny Tagil RUS"]
[Date "2014.09.16"]
[Round "6.9"]
[White "Trefilov, Alexey"]
[Black "Smirnov, Alexey"]
[Result "0-1"]
[WhiteTitle "FM"]
[WhiteElo "2220"]
[BlackElo "2466"]
[WhiteFideId "4171721"]
[BlackFideId "4168437"]
[EventDate "2014.09.11"]

1. e4 c5 2. c3 Nf6 3. e5 Nd5 4. d4 cxd4 5. Nf3 Nc6 6. cxd4 d6 7. Bc4 e6 8. Qe2
Be7 9. O-O O-O 10. Qe4 Qb6 11. Bd3 f5 12. exf6 Nxf6 13. Qh4 Nb4 14. Rd1 Nxd3 15.
Rxd3 Nd5 16. Qe4 Qc6 17. Na3 Bd7 18. Ng5 Nf6 19. Qxc6 bxc6 20. Nc4 h6 21. Nf3
Nd5 22. b3 Nb4 23. Rd2 Rab8 24. Ba3 Be8 25. Re1 Bf7 26. Na5 Rfc8 27. Rc1 Be8 28.
Bxb4 Rxb4 29. Rdc2 Rb6 30. h3 Bf8 31. a3 c5 32. b4 Rcb8 33. dxc5 dxc5 34. Rxc5
Bxc5 35. Rxc5 Rd6 36. Nc4 Rc6 37. Nd4 Rxc5 38. bxc5 Rb1+ 39. Kh2 Rc1 40. Nd6 Bd7
41. c6 Bxc6 42. Nc8 Bd7 43. Nxa7 Rc4 0-1

[Event "10th Zudov Mem 2014"]
[Site "Nizhny Tagil RUS"]
[Date "2014.09.16"]
[Round "6.10"]
[White "Dilmukhametov, Artur"]
[Black "Solovjev, Nikolay2"]
[Result "1/2-1/2"]
[BlackTitle "FM"]
[WhiteElo "2157"]
[BlackElo "2311"]
[WhiteFideId "24179922"]
[BlackFideId "24112127"]
[EventDate "2014.09.11"]

1. e4 c5 2. Nf3 Nc6 3. c3 d5 4. exd5 Qxd5 5. d4 Bg4 6. Be2 e6 7. h3 Bh5 8. O-O
Nf6 9. Be3 cxd4 10. cxd4 Be7 11. Nc3 Qd7 12. g4 Bg6 13. Ne5 Qc8 14. Rc1 Nd7 15.
Nxg6 hxg6 16. d5 exd5 17. Nxd5 Qd8 18. Bf4 Rc8 19. Bb5 O-O 20. Nxe7+ Qxe7 21.
Bd6 Qf6 22. Bxf8 Nxf8 23. Bxc6 bxc6 24. Qb3 Ne6 25. Qc3 Nd4 26. Kg2 c5 27. Rfe1
Qa6 28. Re4 Ne6 29. Rce1 Qxa2 30. Qc4 Qxc4 31. Rxc4 Rb8 32. Rc2 g5 33. Kg3 a5
34. Re3 a4 35. Re4 Rb3+ 36. Re3 Rb4 37. Rd2 g6 38. f3 Kf8 39. Rc2 Kg7 40. Re4
Rb3 41. Rxa4 Nd4 42. Rf2 Re3 43. Rc4 Ne2+ 44. Kh2 Nf4 45. Rxc5 Re8 46. Rxg5 Rh8
47. h4 Ne6 48. Rd5 Rxh4+ 49. Kg3 Rh1 50. f4 Rg1+ 51. Kf3 g5 52. f5 Nf4 53. Rd4
Rc1 54. Rxf4 gxf4 55. Kxf4 Rc4+ 56. Kf3 Kf6 57. Rh2 Rb4 58. Rg2 Kg5 59. Ke3 f6
60. Kd3 Rf4 61. b3 Rb4 62. Kc3 Rxg4 63. Rxg4+ Kxg4 64. Kd4 Kxf5 65. Kd5 Kg4 66.
b4 f5 67. b5 1/2-1/2

[Event "10th Zudov Mem 2014"]
[Site "Nizhny Tagil RUS"]
[Date "2014.09.16"]
[Round "6.11"]
[White "Kanter, Eduard"]
[Black "Lupynin, Viacheslav"]
[Result "1/2-1/2"]
[WhiteTitle "IM"]
[WhiteElo "2401"]
[BlackElo "2031"]
[WhiteFideId "4103963"]
[BlackFideId "24193461"]
[EventDate "2014.09.11"]

1. Nf3 c5 2. c4 Nc6 3. Nc3 e5 4. g3 g6 5. Bg2 Bg7 6. O-O d6 7. a3 a5 8. d3 Nge7
9. Bg5 f6 10. Bd2 O-O 11. Ne1 Be6 12. Rc1 Nd4 13. e3 Ndc6 14. Nd5 Rb8 15. b4
axb4 16. Nxe7+ Qxe7 17. axb4 cxb4 18. Nc2 Rfc8 19. Nxb4 Nxb4 20. Bxb4 b5 21.
cxb5 Rxc1 22. Qxc1 Rxb5 23. Qa3 Bf8 24. Rc1 Qd8 25. Bc6 Rb6 26. Qa5 Qb8 27. Bd5
Bxd5 28. Qxd5+ Kg7 29. Ba5 Rb1 30. Rxb1 Qxb1+ 31. Kg2 Qb8 32. e4 1/2-1/2

[Event "10th Zudov Mem 2014"]
[Site "Nizhny Tagil RUS"]
[Date "2014.09.16"]
[Round "6.12"]
[White "Novoselov, Roman"]
[Black "Ginosyan, Razmik"]
[Result "1/2-1/2"]
[WhiteElo "2225"]
[BlackElo "2048"]
[WhiteFideId "4135067"]
[BlackFideId "24190144"]
[EventDate "2014.09.11"]

1. e4 c5 2. Nc3 Nc6 3. g3 g6 4. Bg2 Bg7 5. f4 d6 6. d3 e6 7. Nf3 Nge7 8. O-O O-O
9. Be3 Nd4 10. e5 Nef5 11. Bf2 Nxf3+ 12. Qxf3 Nd4 13. Qd1 dxe5 14. fxe5 Bxe5 15.
Ne4 f5 16. Nxc5 Qd6 17. b4 Nc6 18. Rc1 a5 19. b5 Nd4 20. c3 Nxb5 21. d4 Bg7 22.
Qa4 Nc7 23. Nxb7 Bxb7 24. Bxb7 Rab8 25. Bg2 Nd5 26. Rfe1 Rfc8 27. Qxa5 Ra8 28.
Qb5 Kh8 29. Qb2 Bh6 30. Rc2 Rab8 31. Qa1 Nb4 32. Rce2 Nd3 33. Rd1 Nxf2 34. Kxf2
f4 35. Rd3 Rf8 36. Bf3 fxg3+ 37. hxg3 Rb5 38. Qe1 Rbf5 39. Kg2 Qa3 40. Be4 Rf1
41. Qxf1 Rxf1 42. Kxf1 Qa4 43. Kg2 1/2-1/2

[Event "10th Zudov Mem 2014"]
[Site "Nizhny Tagil RUS"]
[Date "2014.09.16"]
[Round "6.13"]
[White "Drygalov, Sergey"]
[Black "Komarov, Alexander"]
[Result "1-0"]
[WhiteElo "2224"]
[BlackElo "2106"]
[WhiteFideId "24171743"]
[BlackFideId "4178360"]
[EventDate "2014.09.11"]

1. e4 e5 2. Nf3 Nc6 3. Nc3 Nf6 4. Be2 d5 5. exd5 Nxd5 6. O-O Be7 7. Bb5 Nxc3 8.
bxc3 Bd6 9. d4 exd4 10. Re1+ Be6 11. cxd4 O-O 12. c3 Bg4 13. h3 Bh5 14. Bd3 Bg6
15. Rb1 b6 16. Bxg6 hxg6 17. Qd3 Qf6 18. Qe4 Qf5 19. Qxf5 gxf5 20. Rb5 g6 21. h4
Rfe8 22. Kf1 Rxe1+ 23. Nxe1 a6 24. Rb2 Re8 25. Re2 Rxe2 26. Kxe2 b5 27. Kd3 Na5
28. Nf3 Nc4 29. h5 c6 30. g3 Bc7 31. hxg6 fxg6 32. Ng5 Bd8 33. Ne6 Be7 34. Nc7
a5 35. a4 Nd6 36. d5 bxa4 37. dxc6 Nc8 38. Kc4 Kf7 39. Nd5 Nd6+ 40. Kc5 Ne4+ 41.
Kb6 a3 42. c7 a2 43. Bb2 Nd6 44. Kc6 Ke8 45. Nxe7 Kxe7 46. Ba3 a1=Q 47. Bxd6+
Kf6 48. c8=Q Qxc3+ 49. Bc5 Qf3+ 50. Kb6 1-0

[Event "10th Zudov Mem 2014"]
[Site "Nizhny Tagil RUS"]
[Date "2014.09.16"]
[Round "6.14"]
[White "Romanov, Sergej"]
[Black "Tsvetkov, Pavel"]
[Result "0-1"]
[WhiteElo "2125"]
[BlackElo "2181"]
[WhiteFideId "34196940"]
[BlackFideId "4132661"]
[EventDate "2014.09.11"]

1. Nf3 Nf6 2. d4 g6 3. e3 Bg7 4. Be2 O-O 5. O-O d5 6. Nbd2 Nbd7 7. b3 c5 8. Bb2
b6 9. h3 Bb7 10. Rc1 Rc8 11. c4 cxd4 12. exd4 Ne4 13. Bd3 Nec5 14. Be2 Ne4 15.
Bd3 Nec5 16. Be2 Ne6 17. Re1 Nf6 18. Ne5 dxc4 19. Ndxc4 b5 20. Na3 Rxc1 21. Qxc1
Nxd4 22. Bxd4 Qxd4 23. Bxb5 Ne4 24. Ng4 h5 25. Ne3 Qb4 26. Bc4 Bb2 27. Qb1 Bxa3
28. f3 Nf6 29. Qxg6+ Kh8 30. Qh6+ Nh7 31. Rd1 Qb6 32. Qxb6 axb6 33. Rd7 Bc8 0-1

[Event "10th Zudov Mem 2014"]
[Site "Nizhny Tagil RUS"]
[Date "2014.09.16"]
[Round "6.16"]
[White "Radzhabov, Rodion"]
[Black "Scherbakov, Mikhail"]
[Result "1-0"]
[WhiteElo "1994"]
[BlackElo "1988"]
[WhiteFideId "884715"]
[BlackFideId "34130184"]
[EventDate "2014.09.11"]

1. e4 c5 2. Nf3 g6 3. d4 cxd4 4. Nxd4 Nc6 5. Be3 Nf6 6. Nc3 Bg7 7. Be2 O-O 8.
O-O d6 9. Kh1 a6 10. f4 Bd7 11. Qd2 b5 12. Bf3 Rc8 13. Nxc6 Bxc6 14. Nd5 Bxd5
15. exd5 Nd7 16. c3 Nb6 17. Qe2 Nc4 18. Bf2 Re8 19. Rac1 e5 20. dxe6 Rxe6 21.
Qc2 Ne3 22. Bxe3 Rxe3 23. Qd2 Qe7 24. Rcd1 Bf8 25. f5 gxf5 26. Bd5 Re5 27. Qd3
Qg5 28. Rf3 f4 29. g3 Re3 30. Bxf7+ Kh8 31. Qd4+ Bg7 32. Qxf4 Qxf4 33. Rxf4 Re2
34. Rxd6 Rxb2 35. Rxa6 Bxc3 36. Rf1 Bb4 37. Bb3 Re8 38. Rc6 Re7 39. Rf8+ 1-0

[Event "10th Zudov Mem 2014"]
[Site "Nizhny Tagil RUS"]
[Date "2014.09.16"]
[Round "6.17"]
[White "Yumshanov, Leonid"]
[Black "Mukhina, Jana"]
[Result "0-1"]
[WhiteElo "1787"]
[BlackElo "1972"]
[WhiteFideId "24140198"]
[BlackFideId "34115428"]
[EventDate "2014.09.11"]

1. e4 e5 2. Nf3 Nc6 3. Nc3 Nf6 4. Be2 d5 5. exd5 Nxd5 6. O-O Nxc3 7. bxc3 Bd6 8.
d4 O-O 9. Rb1 Re8 10. Re1 a6 11. Bc4 Bf5 12. Ng5 Bg6 13. Qf3 Qf6 14. Be3 exd4
15. cxd4 Qxf3 16. gxf3 h6 17. Ne4 Bxe4 18. fxe4 Rxe4 19. Bd5 Rg4+ 20. Kf1 Nxd4
21. f3 Rh4 22. Bf2 Rf4 23. Bxd4 Rxd4 24. Bxb7 Rd8 25. Bxa6 Ra8 26. Bd3 Rxa2 27.
Kg2 Ra5 0-1

[Event "10th Zudov Mem 2014"]
[Site "Nizhny Tagil RUS"]
[Date "2014.09.16"]
[Round "6.18"]
[White "Farbshtain, Danil"]
[Black "Matskevich, Ivan"]
[Result "0-1"]
[WhiteElo "1659"]
[BlackElo "1949"]
[WhiteFideId "24140074"]
[BlackFideId "34191930"]
[EventDate "2014.09.11"]

1. e4 c5 2. Nf3 d6 3. d4 cxd4 4. Nxd4 Nf6 5. Nc3 a6 6. Bc4 e6 7. a4 Be7 8. O-O
O-O 9. f4 Qa5 10. Kh1 Nc6 11. Nf3 b5 12. axb5 Qxa1 13. bxc6 Qa5 14. e5 dxe5 15.
fxe5 Rd8 16. Qe1 Ne8 17. Bg5 Qb4 18. Qe4 h6 19. Na2 Qxc4 20. Qxc4 hxg5 21. c7
Rd7 22. h4 Rxc7 23. Qg4 Bb7 24. Nxg5 Rxc2 25. Ne4 Rxb2 26. Nac3 Rb4 27. h5 Rc8
28. Qf3 f5 29. exf6 Nxf6 30. Nxf6+ Bxf6 31. Ne4 Rxe4 32. Qb3 Rh4+ 33. Kg1 Bd4+ 0-1

[Event "10th Zudov Mem 2014"]
[Site "Nizhny Tagil RUS"]
[Date "2014.09.16"]
[Round "6.20"]
[White "Makhnev, Petr"]
[Black "Chapkovskiy, Jakov"]
[Result "1-0"]
[WhiteElo "1519"]
[BlackElo "1827"]
[WhiteFideId "24193470"]
[BlackFideId "24140066"]
[EventDate "2014.09.11"]

1. d4 Nf6 2. Nf3 e6 3. g3 b6 4. Bg2 Bb7 5. O-O c5 6. c4 cxd4 7. Qxd4 Be7 8. Nc3
d6 9. Rd1 a6 10. b3 O-O 11. Ba3 Ne8 12. e4 Nc6 13. Qe3 Qc7 14. Rac1 Nf6 15. Rc2
Rfd8 16. Rcd2 Bf8 17. Qf4 Ne5 18. h3 Rac8 19. Rc2 Nxf3+ 20. Bxf3 d5 21. Qxc7
Rxc7 22. Bxf8 Kxf8 23. Rcd2 d4 24. Rxd4 Rxd4 25. Rxd4 Rd7 26. Rxd7 Nxd7 27. Kf1
Ke7 28. Ke1 Kd6 29. e5+ Kc7 30. Bxb7 Kxb7 31. f4 Kc6 32. b4 Kc7 33. Ne4 Kc6 34.
Kd2 h6 35. Ke3 f6 36. exf6 gxf6 37. Kf3 f5 38. Nd2 b5 39. c5 Kd5 40. g4 Nb8 41.
g5 hxg5 42. fxg5 e5 43. h4 Nc6 44. h5 Nd4+ 45. Kg3 e4 46. Kf4 Ne6+ 47. Kxf5 e3
48. Nf3 Nd4+ 49. Kf4 e2 50. Ne1 Ne6+ 51. Kf5 Nxg5 52. Kxg5 Ke4 53. c6 Ke3 54. c7
Kd2 55. Ng2 1-0

[Event "10th Zudov Mem 2014"]
[Site "Nizhny Tagil RUS"]
[Date "2014.09.16"]
[Round "6.22"]
[White "Kolyadin, Alexander"]
[Black "Dashevskaya, Larisa"]
[Result "1-0"]
[WhiteElo "1706"]
[BlackElo "2030"]
[WhiteFideId "24145327"]
[BlackFideId "4178106"]
[EventDate "2014.09.11"]

1. d4 Nf6 2. c4 g6 3. Nf3 Bg7 4. Nc3 O-O 5. e4 d6 6. Be3 c6 7. Qd2 Ng4 8. Bg5 h6
9. Bh4 Nd7 10. Bd3 a6 11. h3 Ngf6 12. g4 e5 13. d5 Qc7 14. Rc1 c5 15. g5 hxg5
16. Bxg5 Nh5 17. Bh6 Ndf6 18. Bxg7 Kxg7 19. Qg5 Nf4 20. Bf1 Rh8 21. Nh4 Rh5 22.
Qg3 Bd7 23. Be2 Nxe2 24. Kxe2 Rah8 25. Nf5+ Kf8 26. Ne3 Rxh3 27. Rxh3 Rxh3 28.
Qg5 Qd8 29. Rg1 Rh5 30. Qg3 Ke7 31. Kd3 Qh8 32. a3 Rh3 33. Qg5 Qh5 34. b4 cxb4
35. axb4 Qxg5 36. Rxg5 Ng4 37. Kd2 Nxe3 38. fxe3 Rh2+ 39. Kc1 Kf6 40. Rg1 g5 41.
c5 dxc5 42. bxc5 Rh4 43. Rf1+ Kg7 44. Kd2 Rh8 45. Rb1 b5 46. cxb6 Rb8 47. Kd3
Kf6 48. Kc4 Ke7 49. Kc5 Rc8+ 50. Kb4 Rb8 51. Ka5 Bc8 52. Na4 Kd6 53. Rc1 f5 54.
Rc6+ Ke7 55. exf5 Bxf5 56. Kxa6 Ra8+ 57. Kb5 Bd3+ 58. Kb4 Be4 59. Re6+ Kd7 60.
Rxe5 Kd6 61. Rxg5 Bxd5 62. Rg6+ Ke7 63. Nc5 Ra1 64. Rg7+ Kf6 65. Rd7 Rb1+ 66.
Kc3 Rxb6 67. Rxd5 Rb1 68. e4 Ra1 69. e5+ Ke7 70. Rd7+ Ke8 71. e6 Re1 72. Rh7 Re5
73. Kd4 Rg5 74. Ne4 Rg4 75. Ke5 Rg6 76. Nf6+ Kd8 77. e7+ 1-0

[Event "10th Zudov Mem 2014"]
[Site "Nizhny Tagil RUS"]
[Date "2014.09.17"]
[Round "7.1"]
[White "Savchenko, Boris"]
[Black "Demchenko, Anton"]
[Result "1/2-1/2"]
[WhiteTitle "GM"]
[BlackTitle "GM"]
[WhiteElo "2608"]
[BlackElo "2588"]
[WhiteFideId "4147332"]
[BlackFideId "4160258"]
[EventDate "2014.09.11"]

1. e4 e5 2. Nf3 Nc6 3. Bb5 Nf6 4. d4 exd4 5. O-O a6 6. Ba4 Be7 7. e5 Ne4 8. Re1
Nc5 9. Bxc6 dxc6 10. Nxd4 O-O 11. Nc3 f5 12. Nce2 Ne6 13. Qd3 Bc5 14. Rd1 Bxd4
15. Nxd4 Qxd4 16. Qxd4 Nxd4 17. Rxd4 Be6 18. Bf4 Rad8 19. Rad1 Rxd4 20. Rxd4 h6
21. h4 Rf7 22. Rd8+ Rf8 23. Rxf8+ Kxf8 24. a3 b6 25. Kf1 Ke7 26. Kg1 Kf8 27. Kf1
Ke7 28. Kg1 Kf8 1/2-1/2

[Event "10th Zudov Mem 2014"]
[Site "Nizhny Tagil RUS"]
[Date "2014.09.17"]
[Round "7.2"]
[White "Harutjunyan, Gevorg"]
[Black "Goganov, Aleksey"]
[Result "1/2-1/2"]
[WhiteTitle "GM"]
[BlackTitle "GM"]
[WhiteElo "2444"]
[BlackElo "2608"]
[WhiteFideId "13300873"]
[BlackFideId "24109959"]
[EventDate "2014.09.11"]

1. e4 e5 2. Nf3 Nc6 3. Bb5 a6 4. Ba4 Nf6 5. O-O Be7 6. Bxc6 dxc6 7. d3 Nd7 8.
Nbd2 O-O 9. Nc4 f6 10. Nh4 Nc5 11. Nf5 Kh8 12. b3 Ne6 13. a4 a5 14. Nxe7 Qxe7
15. Qe1 Nd4 16. Ba3 c5 17. Ne3 b6 18. f4 exf4 19. Rxf4 Qe5 20. Rf2 Be6 21. Bb2
Rae8 22. Qf1 Kg8 23. Re1 Ne2+ 24. Rfxe2 Qxb2 25. Qf4 Qe5 26. Qxe5 fxe5 27. Rf2
Rxf2 28. Kxf2 c6 29. Nc4 Bxc4 30. bxc4 Kf7 31. Ke3 Ke6 32. Rb1 Rb8 33. c3 Rb7
34. Rb2 Rb8 35. Rb1 Rb7 36. d4 cxd4+ 37. cxd4 exd4+ 38. Kxd4 Rd7+ 39. Ke3 Rb7
40. Kd4 Rd7+ 41. Ke3 Rb7 1/2-1/2

[Event "10th Zudov Mem 2014"]
[Site "Nizhny Tagil RUS"]
[Date "2014.09.17"]
[Round "7.3"]
[White "Shomoev, Anton"]
[Black "Maletin, Pavel"]
[Result "1/2-1/2"]
[WhiteTitle "GM"]
[BlackTitle "GM"]
[WhiteElo "2568"]
[BlackElo "2570"]
[WhiteFideId "4135148"]
[BlackFideId "4146786"]
[EventDate "2014.09.11"]

1. d4 d5 2. c4 c6 3. Nc3 Nf6 4. e3 e6 5. Nf3 Nbd7 6. Bd3 dxc4 7. Bxc4 b5 8. Bd3
Bd6 9. O-O O-O 10. Qc2 Bb7 11. a3 Rc8 12. b4 c5 13. bxc5 Bxf3 14. gxf3 Nxc5 15.
dxc5 Rxc5 16. f4 Nd5 17. Bb2 Nxc3 18. Bxc3 Qc7 19. Rfc1 Rc8 20. Bxh7+ Kh8 21.
Bd3 Rxc3 22. Qxc3 Qxc3 23. Rxc3 Rxc3 24. Bxb5 Rxa3 25. Rxa3 Bxa3 26. Kf1 g6 27.
Ke2 Kg7 28. Ba4 Bb4 29. Bb5 Ba3 30. Ba4 Bb4 31. Bb5 Ba3 1/2-1/2

[Event "10th Zudov Mem 2014"]
[Site "Nizhny Tagil RUS"]
[Date "2014.09.17"]
[Round "7.4"]
[White "Bocharov, Dmitry"]
[Black "Kryakvin, Dmitry"]
[Result "1-0"]
[WhiteTitle "GM"]
[BlackTitle "GM"]
[WhiteElo "2575"]
[BlackElo "2562"]
[WhiteFideId "4138716"]
[BlackFideId "4153278"]
[EventDate "2014.09.11"]

1. d4 Nf6 2. c4 g6 3. f3 Bg7 4. e4 d6 5. Be3 O-O 6. Nc3 c6 7. Nge2 a6 8. c5 b5
9. cxb6 Nbd7 10. Nf4 Nxb6 11. Be2 a5 12. O-O a4 13. Rc1 Ba6 14. Bxa6 Rxa6 15.
Qe2 Qa8 16. Rc2 Nfd7 17. Nd3 Ra5 18. f4 e6 19. e5 Nc4 20. Ne4 d5 21. Nec5 Nxc5
22. Nxc5 Rb8 23. g4 Rab5 24. Nd3 Qa7 25. f5 exf5 26. gxf5 Qd7 27. Kh1 Re8 28.
Bc1 c5 29. e6 Qa7 30. Qg2 cxd4 31. f6 Bh8 32. Nf4 d3 33. Rcf2 d2 34. Bxd2 Nxd2
35. Rxd2 Qb7 36. exf7+ Kxf7 37. Qh3 d4+ 38. Rg2 Kg8 39. Nxg6 hxg6 40. f7+ Qxf7
41. Rxf7 Re1+ 42. Rg1 Rxg1+ 43. Kxg1 Rg5+ 44. Kf1 1-0

[Event "10th Zudov Mem 2014"]
[Site "Nizhny Tagil RUS"]
[Date "2014.09.17"]
[Round "7.5"]
[White "Matsenko, Sergei"]
[Black "Andriasian, Zaven"]
[Result "0-1"]
[WhiteTitle "IM"]
[BlackTitle "GM"]
[WhiteElo "2485"]
[BlackElo "2622"]
[WhiteFideId "4170083"]
[BlackFideId "13302000"]
[EventDate "2014.09.11"]

1. Nf3 d5 2. c4 d4 3. b4 g5 4. Qa4+ c6 5. Qb3 Bg7 6. Nxg5 e5 7. Qg3 Ne7 8. Ne4
Nf5 9. Qg5 Qxg5 10. Nxg5 a5 11. bxa5 Nd6 12. d3 h6 13. Nf3 Rxa5 14. Na3 Na6 15.
Nc2 Ra4 16. g3 Bf5 17. Nd2 O-O 18. e4 Be6 19. f4 f6 20. Ba3 Rd8 21. Rb1 b5 22.
Bxd6 Rxd6 23. cxb5 cxb5 24. a3 Rc6 25. Rb2 Bf8 26. fxe5 fxe5 27. Nf3 Bd6 28. Kf2
Rc3 29. Be2 Nc5 30. Rd1 Bb3 31. Rd2 Bxc2 32. Rdxc2 Raxa3 33. Rd2 b4 34. Rxb4
Nxd3+ 35. Rxd3 Bxb4 36. Nxe5 Bd6 37. Nc4 Rxd3 38. Bxd3 Rxd3 39. Nxd6 Rd2+ 40.
Kf3 Rxh2 41. Nc4 Kf7 42. e5 Ke6 43. Ke4 Rg2 44. Kxd4 Rxg3 45. Ne3 Rg5 46. Ke4
Rxe5+ 47. Kf4 h5 48. Nc4 Rc5 49. Nd2 Rb5 50. Kg3 Kf5 51. Kh4 Rb2 52. Nf1 Kg6 53.
Kg3 Kg5 54. Nh2 h4+ 55. Kh3 Rf2 0-1

[Event "10th Zudov Mem 2014"]
[Site "Nizhny Tagil RUS"]
[Date "2014.09.17"]
[Round "7.6"]
[White "Yudin, Sergei"]
[Black "Vokarev, Sergey"]
[Result "1/2-1/2"]
[WhiteTitle "GM"]
[BlackTitle "GM"]
[WhiteElo "2545"]
[BlackElo "2437"]
[WhiteFideId "4159659"]
[BlackFideId "4119711"]
[EventDate "2014.09.11"]

1. d4 Nf6 2. c4 e6 3. Nf3 d5 4. Nc3 Nbd7 5. Bf4 dxc4 6. e3 Bd6 7. Bxd6 cxd6 8.
Bxc4 O-O 9. O-O a6 10. Bd3 b5 11. b4 e5 12. e4 exd4 13. Nxd4 Ne5 14. Be2 Bb7 15.
Nf5 Nxe4 16. Nxe4 Bxe4 17. Qxd6 Bxf5 18. Qxe5 Re8 19. Qxf5 Rxe2 20. a4 bxa4 21.
Rxa4 Qe8 22. Raa1 g6 23. Qd3 Qe4 24. Qxe4 Rxe4 25. Rfb1 Rb8 26. Rxa6 Rexb4 27.
Rxb4 Rxb4 28. g3 h5 29. h4 Kg7 30. Kg2 Rb2 31. Ra7 Rc2 32. Rb7 Ra2 33. Rc7 Rb2
34. Rd7 Rc2 35. Ra7 Rb2 36. Rc7 Ra2 37. Rb7 Rc2 38. Ra7 Rb2 39. Rc7 Ra2 40. Rb7
Rc2 1/2-1/2

[Event "10th Zudov Mem 2014"]
[Site "Nizhny Tagil RUS"]
[Date "2014.09.17"]
[Round "7.7"]
[White "Smirnov, Alexey"]
[Black "Ovetchkin, Roman"]
[Result "0-1"]
[BlackTitle "GM"]
[WhiteElo "2466"]
[BlackElo "2524"]
[WhiteFideId "4168437"]
[BlackFideId "4119991"]
[EventDate "2014.09.11"]

1. d4 Nf6 2. c4 c5 3. d5 b5 4. cxb5 a6 5. bxa6 g6 6. Nc3 Bg7 7. Nf3 O-O 8. e4
Qa5 9. Nd2 Bxa6 10. Nb3 Qc7 11. Bxa6 Nxa6 12. O-O Rfb8 13. a4 Rb4 14. Nb5 Qb8
15. f3 c4 16. N3d4 Nc5 17. Bd2 Rbxa4 18. Rxa4 Rxa4 19. Qc2 Nh5 20. b4 Nb3 21. g4
Nf4 22. d6 Nxd2 23. dxe7 Bxd4+ 24. Nxd4 Nh3+ 25. Kg2 Nxf1 26. e8=Q+ Qxe8 27.
Qxa4 Qe5 0-1

[Event "10th Zudov Mem 2014"]
[Site "Nizhny Tagil RUS"]
[Date "2014.09.17"]
[Round "7.8"]
[White "Yuffa, Daniil"]
[Black "Drygalov, Sergey"]
[Result "1-0"]
[WhiteTitle "IM"]
[WhiteElo "2449"]
[BlackElo "2224"]
[WhiteFideId "24131423"]
[BlackFideId "24171743"]
[EventDate "2014.09.11"]

1. g3 c5 2. Bg2 Nc6 3. Nf3 e5 4. O-O d6 5. c4 g6 6. Nc3 Bg7 7. Ne1 Nge7 8. Nc2
O-O 9. Ne3 f5 10. Rb1 Be6 11. Ned5 Rb8 12. d3 h6 13. b4 cxb4 14. Nxb4 Nxb4 15.
Rxb4 e4 16. Nd5 Nc6 17. Rb1 exd3 18. Qxd3 Bf7 19. Bb2 Ne5 20. Qb3 Re8 21. Rfd1
a6 22. a4 Qc8 23. Rbc1 Bxd5 24. Rxd5 Nf7 25. e3 Bxb2 26. Qxb2 Qe6 27. Qb4 Qf6
28. Rd4 Kg7 29. Qd2 Red8 30. Rb1 b6 31. Rb3 Rdc8 32. Qb2 Ne5 33. Rxb6 Nd3 34.
Rb7+ 1-0

[Event "10th Zudov Mem 2014"]
[Site "Nizhny Tagil RUS"]
[Date "2014.09.17"]
[Round "7.9"]
[White "Ivanov, Andrew"]
[Black "Dilmukhametov, Artur"]
[Result "0-1"]
[WhiteTitle "IM"]
[WhiteElo "2407"]
[BlackElo "2157"]
[WhiteFideId "4188080"]
[BlackFideId "24179922"]
[EventDate "2014.09.11"]

1. d4 d5 2. c4 c6 3. Nf3 dxc4 4. e3 Be6 5. a4 Na6 6. Be2 Nf6 7. O-O Nb4 8. Bd2
a5 9. Na3 Bd5 10. Nxc4 e6 11. Nfe5 Be7 12. f3 O-O 13. Be1 c5 14. dxc5 Bxc5 15.
Bf2 Qe7 16. Qb1 Rfd8 17. Rd1 Nd7 18. Nxd7 Rxd7 19. Qc1 Rc7 20. Qc3 Bxc4 21. Bxc4
Bxe3 22. Qxe3 Rxc4 23. h3 h6 24. Rd2 Qc7 25. Rad1 Nd5 26. Qa3 Rc8 27. Bd4 Rc1
28. Qd3 Rxd1+ 29. Rxd1 Qc2 30. b3 Qxd3 31. Rxd3 Rc1+ 32. Kf2 Rc2+ 33. Kf1 Rxg2
34. Bb6 Ra2 35. Bxa5 b5 36. Be1 bxa4 37. b4 Rb2 38. Ra3 Nxb4 39. Rxa4 Nd5 0-1

[Event "10th Zudov Mem 2014"]
[Site "Nizhny Tagil RUS"]
[Date "2014.09.17"]
[Round "7.10"]
[White "Lupynin, Viacheslav"]
[Black "Khegay, Dmitriy"]
[Result "0-1"]
[BlackTitle "FM"]
[WhiteElo "2031"]
[BlackElo "2375"]
[WhiteFideId "24193461"]
[BlackFideId "24153729"]
[EventDate "2014.09.11"]

1. e4 d6 2. d4 Nf6 3. Nc3 e5 4. dxe5 dxe5 5. Qxd8+ Kxd8 6. Bc4 Ke8 7. f3 Bc5 8.
Nge2 c6 9. Nd1 b5 10. Bb3 Nbd7 11. Be3 Bxe3 12. Nxe3 Nc5 13. Nc1 Ke7 14. a4 a5
15. axb5 cxb5 16. Nd5+ Nxd5 17. Bxd5 Ra6 18. Nb3 Nxb3 19. cxb3 Bd7 20. Rc1 Rc8
21. Ke2 Rxc1 22. Rxc1 Ra7 23. h4 f6 24. Kd3 Kd6 25. g3 g6 26. f4 h6 27. Bf7 b4
28. Ke3 Bg4 29. fxe5+ Kxe5 30. Be8 Kd6 31. Kd4 Be6 32. Ba4 Rc7 33. Rxc7 Kxc7 34.
Kc5 g5 35. Kb5 Kd6 36. Kxa5 Kc5 37. Ka6 Bg4 38. Be8 Be2+ 39. Ka5 g4 40. Bh5 Kd4
41. Kxb4 Kxe4 42. Kc5 f5 43. b4 f4 44. Bxg4 Bxg4 45. gxf4 Kxf4 46. Kc6 Kg3 47.
b5 Kxh4 48. b6 Kg5 49. b4 h5 50. b5 h4 51. b7 Bf3+ 52. Kc7 Bxb7 53. Kxb7 h3 54.
b6 h2 0-1

[Event "10th Zudov Mem 2014"]
[Site "Nizhny Tagil RUS"]
[Date "2014.09.17"]
[Round "7.11"]
[White "Solovjev, Nikolay2"]
[Black "Kopjonkin, Kirill"]
[Result "1-0"]
[WhiteTitle "FM"]
[WhiteElo "2311"]
[BlackElo "2073"]
[WhiteFideId "24112127"]
[BlackFideId "24140090"]
[EventDate "2014.09.11"]

1. d4 Nf6 2. Bg5 g6 3. Nc3 Bg7 4. Qd2 d6 5. O-O-O c6 6. e4 O-O 7. f3 b5 8. Bh6
Qa5 9. h4 b4 10. Nb1 Nbd7 11. h5 Qxa2 12. hxg6 fxg6 13. Bxg7 Kxg7 14. Qh6+ Kg8
15. Nh3 Rf7 16. e5 Nh5 17. Ng5 Rg7 18. g4 Ng3 19. Rh3 Nxf1 20. Rxf1 Kf8 21.
Nxh7+ 1-0